Chemistry and the Standard of living

שמור ב:
מידע ביבליוגרפי
מחבר ראשי: Wurster, Carl
פורמט: ספר
שפה:Undetermined
יצא לאור: Germany Badische Anilin & Soda Fabrik AG 1960
נושאים:
תגים: הוספת תג
אין תגיות, היה/י הראשונ/ה לתייג את הרשומה!
Thư viện lưu trữ: Trung tâm Học liệu Trường Đại học Cần Thơ
LEADER 00488nam a2200181Ia 4500
001 CTU_81458
008 210402s9999 xx 000 0 und d
082 |a 660 
082 |b W967 
100 |a Wurster, Carl 
245 0 |a Chemistry and the Standard of living 
245 0 |c Carl Wurster 
260 |a Germany 
260 |b Badische Anilin & Soda Fabrik AG 
260 |c 1960 
650 |a Chemistry 
904 |i Trọng Hải 
980 |a Trung tâm Học liệu Trường Đại học Cần Thơ